A világegyetem 1. A Naprendszer. : Csillagászati enciklopédia. /
Uložené v:
| Hlavní autori: | , |
|---|---|
| Médium: | Kniha |
| Jazyk: | Hungarian |
| Vydané: |
Bratislava :
Mapa Slovakia s.r.o.,
2003
|
| Vydanie: | 1. vyd. |
| Edícia: | Rekordok
|
| Témy: | |
| ISBN: |
8080670048 (viaz.) |
| Fyzický popis: |
383 s. |
| Tagy: |
Pridať tag
Žiadne tagy, Buďte prvý kto otaguje tento záznam!
|
Titul je dostupný aj v ... 

MARC
| LEADER | 00000nam a2200000 a 4500 | ||
|---|---|---|---|
| 001 | 000086607 | ||
| 003 | SVKK | ||
| 005 | 20030904000000.0 | ||
| 008 | 030612s2003 xo e huno | ||
| 020 | |a 8080670048 (viaz.) | ||
| 040 | |a SVKKK |b slo |c SVKKK |e AACR2 | ||
| 041 | 0 | |a hun | |
| 044 | |a xo |c SK | ||
| 080 | |a 523(035) |2 1997 | ||
| 080 | |a 524.8(035) |2 1997 | ||
| 100 | 1 | |a Čeman, Róbert |4 aut | |
| 245 | 1 | 0 | |a A világegyetem 1. A Naprendszer. : |b Csillagászati enciklopédia. / |c Róbert Čeman, Eduard Pittich |
| 250 | |a 1. vyd. | ||
| 260 | |a Bratislava : |b Mapa Slovakia s.r.o., |c 2003 | ||
| 300 | |a 383 s. | ||
| 440 | 0 | |a Rekordok | |
| 653 | 0 | |a vesmír |2 SVKKKPH | |
| 653 | 0 | |a sústava slnečná |2 SVKKKPH | |
| 653 | 0 | |a rekordy |2 SVKKKPH | |
| 653 | 0 | |a príručky |2 SVKKKPH | |
| 655 | 7 | |a príručky |2 SVKKKPH | |
| 700 | 1 | |a Pittich, Eduard |4 aut | |
| 910 | |a svkkk | ||
| 919 | |a 80-8067-004-8 | ||
| 974 | |a UH |d 20030724 | ||
| 974 | |a TI |d 20030719 | ||
| 974 | |a MI |d 20030904 | ||
| 998 | |a BK | ||
| 090 | |g SCKHL |k Sklad Pribinova 2. posch. |a III.194036 |j 954034 |i 2720126490 |s Absenčne | ||